Une question à Jacques Rancière (notice n° 2227173)
[ vue normale ]
| 000 -LEADER | |
|---|---|
| fixed length control field | 01104cam a2200157 4500500 |
| 005 - DATE AND TIME OF LATEST TRANSACTION | |
| control field | 20260426025318.0 |
| 041 ## - LANGUAGE CODE | |
| Language code of text/sound track or separate title | fre |
| 042 ## - AUTHENTICATION CODE | |
| Authentication code | dc |
| 100 10 - MAIN ENTRY--PERSONAL NAME | |
| Personal name | Langon, Mauricio |
| Relator term | author |
| 245 00 - TITLE STATEMENT | |
| Title | Une question à Jacques Rancière |
| 260 ## - PUBLICATION, DISTRIBUTION, ETC. | |
| Date of publication, distribution, etc. | 2005.<br/> |
| 500 ## - GENERAL NOTE | |
| General note | 51 |
| 520 ## - SUMMARY, ETC. | |
| Summary, etc. | Résumé Résumé : Le maître, pour être émancipateur, doit se départir de l’illusion qu’il conduit l’élève vers l’autonomie en lui apportant ce qui lui fait défaut. Si Prospero apporte à Caliban le langage et la civilisation, celui-ci, par cela même, est colonisé. Caliban ne peut manifester sa liberté qu’en parlant “mal” ou en utilisant le langage du maître pour le maudire. À partir de ce paradigme, M. Langon analyse la dialectique complexe qui relie culture du colonisateur et culture du colonisé, acculturation et aliénation, et rencontre les contradictions que traverse l’idée de culture universelle. |
| 786 0# - DATA SOURCE ENTRY | |
| Note | Le Télémaque | 27 | 1 | 2005-03-01 | p. 45-56 | 1263-588X |
| 856 41 - ELECTRONIC LOCATION AND ACCESS | |
| Uniform Resource Identifier | <a href="https://shs.cairn.info/revue-le-telemaque-2005-1-page-45?lang=fr&redirect-ssocas=7080">https://shs.cairn.info/revue-le-telemaque-2005-1-page-45?lang=fr&redirect-ssocas=7080</a> |
Pas d'exemplaire disponible.




Réseaux sociaux